000 00733nas a2200241 4500
001 BR8201490
003 BR-BrBNA
005 20231205085059.0
007 ta
008 230509b bl.|||p| |||| 00| 00por d
040 _aBR-BrBNA
_bpor
_cBiblioteca Nacional de Agricultura
041 _a(Pt)
072 _aF28
100 1 _aFreire, O.
100 1 _aMarcos, Z.Z.
245 1 _aTolerancia de perdas para os solos da bacia da Represa do Broa [Itirapina; Sao Paulo; Brasil]
650 _aBACIA HIDROGRAFICA
650 _aSOLO
650 _aSAO PAULO
773 0 _tRevista de Agricultura (Brazil)
_xISSN 0034-7655
_g(Dec 1981), v. 56(4) p. 263-272
_wBR8201490
909 _a202311
_bLúcia
_c55
_dLúcia Elande
942 _2AGRIS
_n0
_cANA
999 _c109086
_d109086